000 01110nam a22002777a 4500
001 BD-DhSAU 8471
003 BD-DhSAU
005 20220309124322.0
008 150420b2010 bg ||||| m||| 000 0 eng d
040 _aBD-DhSAU
082 _222
_a....
_b....
100 _aKhan, Md Rafiul Alam
_eRegistration # 05-01795
245 _aGenetic diversity, correlation and path analysis in Pea (Pisum sativumL.) /
_bMS thesis
260 _aSher-e-Bangla Agricultural Universities :
_bDepartment of Genetics and Plant Breeding,
_c2010.
300 _axvii, 108p. ;
_c30 cm.
_bill. ;
500 _aMS thesis of Department of Genetics and Plant Breeding, Faculty of Agriculture, Sher-e-Bangla Agricultural University, Dhaka, Bangladesh
590 _aerfat
650 _aGenetics and Plant Breeding.
650 _aGenetic diversity correlation
650 _aPath analysis in Pea
650 _a(Pisum sativumL.)
700 _aMia, Abu Akbar
_eSuperviser
700 _aZeba, Naheed
_eCo-superviser
856 _uhttp://archive.saulibrary.edu.bd:8080/xmlui/handle/123456789/790
942 _2ddc
_cTHESIS
999 _c8471
_d8471